Die "Christus Trilogie" zwischen Bibel, Traum und religiöser Erfahrung: Patrick Roth im Gespräch
| Main Author: | |
|---|---|
| Corporate Author: | |
| Contributors: | ; ; |
| Format: | Print Book |
| Language: | German |
| Subito Delivery Service: | Order now. |
| Check availability: | HBZ Gateway |
| WorldCat: | WorldCat |
| Interlibrary Loan: | Interlibrary Loan for the Fachinformationsdienste (Specialized Information Services in Germany) |
| Published: |
Würzburg
Königshausen & Neumann
[2022]
|
| In: | Year: 2022 |
| Standardized Subjects / Keyword chains: | B
Roth, Patrick 1953-, Resurrection
|
| Further subjects: | B
Conference papers and proceedings
B Conference program 2018 (Vallendar) B Roth, Patrick (1953-) Criticism and interpretation Congresses B Roth, Patrick - 1953- B Criticism, interpretation, etc B Roth, Patrick (1953-) Christus Trilogie Congresses |
| Online Access: |
Table of Contents |
MARC
| LEADER | 00000cam a2200000 c 4500 | ||
|---|---|---|---|
| 001 | 1777424038 | ||
| 003 | DE-627 | ||
| 005 | 20251226195716.0 | ||
| 007 | tu | ||
| 008 | 211115s2022 gw ||||| 00| ||ger c | ||
| 010 | |a 2022502411 | ||
| 020 | |a 9783826074219 |9 978-3-8260-7421-9 | ||
| 024 | 3 | |a 9783826074219 | |
| 035 | |a (DE-627)1777424038 | ||
| 035 | |a (DE-599)KXP1777424038 | ||
| 035 | |a (OCoLC)1275379644 | ||
| 040 | |a DE-627 |b ger |c DE-627 |e rda | ||
| 041 | |a ger | ||
| 044 | |c XA-DE-BY | ||
| 050 | 0 | |a PT2678.O814 | |
| 082 | 0 | |a 261.58092 |q DE-101 | |
| 082 | 0 | 4 | |a 230 |a 830 |q DE-101 |
| 084 | |a 1 |2 ssgn | ||
| 084 | |a GN 8658 |q DE-25/sred22 |2 rvk |0 (DE-625)rvk/42970:11634 | ||
| 090 | |a a | ||
| 111 | 2 | |j VerfasserIn |0 (DE-588)1253617899 |0 (DE-627)1795859180 |4 aut |a Auferstehung erfahren |g Veranstaltung |d 2018 |c Vallendar | |
| 245 | 1 | 4 | |a Die "Christus Trilogie" zwischen Bibel, Traum und religiöser Erfahrung |b Patrick Roth im Gespräch |c herausgegeben von Michaela Kopp-Marx, Martin W. Ramb, Holger Zaborowski |
| 246 | 3 | 0 | |a Christus-Trilogie |
| 264 | 1 | |a Würzburg |b Königshausen & Neumann |c [2022] | |
| 264 | 4 | |c © 2022 | |
| 300 | |a 280 Seiten | ||
| 336 | |a Text |b txt |2 rdacontent | ||
| 337 | |a ohne Hilfsmittel zu benutzen |b n |2 rdamedia | ||
| 338 | |a Band |b nc |2 rdacarrier | ||
| 500 | |a "Die Tagung "Auferstehung erfahren" nahm im Juli 2018 den 65. Geburtstag von Patrick Toth zum Anlass, die Christus Trilogie einer Relektüre zu unterziehen. Dieser Band dokumentiert die Tagung" (Seite 7) | ||
| 600 | 1 | 0 | |a Roth, Patrick |d 1953- |t Christus Trilogie |v Congresses |2 DLC |
| 600 | 1 | 0 | |a Roth, Patrick |d 1953- |x Criticism and interpretation |v Congresses |2 DLC |
| 600 | 1 | 4 | |a Roth, Patrick - 1953- |
| 601 | |a Christus | ||
| 601 | |a Trilogie | ||
| 601 | |a Gespräch | ||
| 650 | 4 | |a Conference papers and proceedings | |
| 650 | 4 | |a Criticism, interpretation, etc | |
| 655 | 7 | |a Konferenzschrift |y 2018 |z Vallendar |0 (DE-588)1071861417 |0 (DE-627)826484824 |0 (DE-576)433375485 |2 gnd-content | |
| 689 | 0 | 0 | |d u |0 (DE-588)7608684-7 |0 (DE-627)562016570 |0 (DE-576)279212054 |a Roth, Patrick |2 gnd |d 1953- |t Resurrection |
| 689 | 0 | |5 DE-101 | |
| 700 | 1 | |e HerausgeberIn |0 (DE-588)13054728X |0 (DE-627)503818224 |0 (DE-576)179591436 |4 edt |a Kopp-Marx, Michaela |d 1963- | |
| 700 | 1 | |e HerausgeberIn |0 (DE-588)118100734 |0 (DE-627)079243746 |0 (DE-576)291715672 |4 edt |a Ramb, Martin W. |d 1969- | |
| 700 | 1 | |e HerausgeberIn |0 (DE-588)124009832 |0 (DE-627)483341061 |0 (DE-576)181566834 |4 edt |a Zaborowski, Holger |d 1974- | |
| 700 | 1 | |e InterviewteR |0 (DE-588)115646000 |0 (DE-627)077382374 |0 (DE-576)16621311X |4 ive |a Roth, Patrick |d 1953- | |
| 856 | 4 | 2 | |u https://d-nb.info/1242883940/04 |m B:DE-101 |q application/pdf |v 2022-05-18 |x Verlag |3 Inhaltsverzeichnis |7 1 |
| 935 | |i sf | ||
| 936 | r | v | |a GN 8658 |b Sekundärliteratur |k Germanistik. Niederlandistik. Skandinavistik |k Deutsche Literatur |k Moderne II: 1946 - 1990 |k Literaturgeschichte |k Einzelne Autoren |k Autoren R |k Roth, Patrick |k Sekundärliteratur |0 (DE-627)1398473766 |0 (DE-625)rvk/42970:11634 |0 (DE-576)328473766 |
| 951 | |a BO | ||
| ACO | |a 1 | ||
| ELC | |b 1 | ||
| ORI | |a SA-MARC-ixtheob001.raw | ||
| REL | |a 1 | ||
| SPR | |a 1 |t IXT | ||
| SUB | |a REL | ||
| SYG | 0 | 0 | |a Roth, Patrick,1953-,Christus Trilogie,Roth, Patrick,1953-,Christustrilogie,Roth, Patrick,1953-,Christus-Trilogie |
| TIM | |a 100020180101_100020181231 |b 2018 - 2018 | ||



